000 01033cab a2200325 4500
001 ABS59113
008 090401t1998 xxu||||| |||| 00| 0 eng d
035 _a(Sirsi) u87517
041 _aeng
100 _aCrathorne, R.
245 _aTreat farm cottages as a valuable asset
260 _c1998
350 _a0
490 _aFarmers' Weekly
_v129(2) 10 July 1998, 83-84(2)
520 _aDiscusses the income potential from farm cottages and, the implications of existing tenancies. Considers issues of maintenance, planning, old-style and new-style tenancies, tied cottages and, investment.
650 _aFARM COTTAGES
650 _aFARM WORKERS
650 _aFURNISHED LETTINGS
650 _aHOUSING ACT 1988
650 _aHOUSING BENEFITS
650 _aINVESTMENT
650 _aBUILT ENVIRONMENT-BUILDING MAINTENANCE AND REFURBISHMENT
650 _aRENT ACTS
650 _aTAX RELIEF
650 _aTENANCIES
650 _aTIED COTTAGES
690 _aRURAL PRACTICE
942 _n0
948 _c21/07/1998
999 _c55210
_d55210